Gab es eine, oder zwei Avantgarden? (Zur Diskussion um die treibende Kraft der Kunst des 20. Jahrhunderts)

Bibliographic Details
Main Author: Štrauss, Tomáš, 1931-2013 (Author)
Format: Article
Language:Slovak
German
Subjects:

MARC

LEADER 00000nab a2200000 a 4500
001 vtls009277261
003 SK-MaSNL
005 20260303052435.0
008 140402c2007 xo fr|p|||||||000 b|slo
015 |a SNBRB2008/03  |2 snkbucl 
038 |a SNKBUCL 
040 |a SNKBUCL  |b slo  |c SNKBUCL  |e AACR2 
041 0 |a ger  |b slo 
044 |a xo  |c SK 
080 |a 7  |x (4)  |x "19"  |2 2001 
100 1 |a Štrauss, Tomáš,  |d 1931-2013  |4 aut  |9 97559 
245 1 0 |a Gab es eine, oder zwei Avantgarden? (Zur Diskussion um die treibende Kraft der Kunst des 20. Jahrhunderts)  |c Tomáš Štrauss 
300 |b Fotogr. 
500 |a Poznámky pod čiarou 
546 |a Res. slov. 
648 7 |a 20. stor.  |2 snkbucl  |9 275975 
650 0 7 |a umenie  |2 snkbucl  |9 1060 
650 0 7 |a avantgarda (umenie)  |2 snkbucl  |9 868218 
651 7 |a Európa  |2 snkbucl  |9 167569 
773 0 |t Ars  |g Roč. 40, č. 2 (2007), s. 269-277  |x 0044-9008 
852 |a SNK  |b KIS3GCP 
999 |c 1715326  |d 1717256